000 00731nam a2200229Ia 4500
003 GCL
008 140319s9999 xx 000 0 ara d
040 _aGCL /
_cGCL
082 0 4 _aق
_b673.2
_bع ف
100 1 _aعلى زين العابدين
245 1 0 _aفن صياغة الحلى الشعبية النوبية /
_cعلى زين العابدين
260 _aالقاهرة :
_bالهيئة المصرية العامة للكتاب ،
_c1981
300 _a349 ص ؛
_c22 سم
490 _a
650 0 4 _aتاريخ
650 0 4 _aالحلى
650 0 4 _aالمجوهرات
650 0 4 _aصياغة
650 0 4 _aالنوبة
650 0 4 _aالمجوهرات فى الدين والفلكلور
942 _2ddc
_cBK
999 _c52456
_d52456